000 00700nam a2200217 a 4500
001 000045077
005 20201002045847.0
008 150202s2003 sp 000 0 spa d
020 _a8496246027
040 _aDO-SdBNP
_bspa
_cBNPHU
041 1 7 _aspa
_heng
082 _axxxx
_bxxxx
100 1 _aMusil, Robert,
_d1880-1942.
_973089
240 1 0 _aDie Verwirrugen des Zölings Törless
245 1 4 _aLas tribulaciones del estudiante Törless /
_cRobert Musil ; traducción de Roberto Bixio.
260 _aMadrid :
_bEl País,
_c2003.
300 _a235 p. ;
_c21 cm.
490 1 _aClásicos del siglo xx
_v40
700 1 _aBixio, Roberto,
_etr.
_962515
830 0 _aClásicos del siglo xx ;
_n40
_973090
999 _c44566
_d44566